Métodos orientados a objetos: conceptos fundamentales

Saved in:
Bibliographic Details
Main Authors: Martin, James Thomas (autor), Odell, James J (Author)
Format: Book
Language:Spanish
Published: Ciudad de México Prentice Hall Hispanoamericana 1997
Subjects:
Tags: Add Tag
No Tags, Be the first to tag this record!

MARC

LEADER 00000nam a2200000 a 4500
001 UCO9032
003 CL-VaPUC
008 010119e19970000MX |||||||||||||||||spa|d
082 0 4 |a 005.1  |b MAR  |2 21 
100 |a Martin, James Thomas  |e autor  |9 454119 
700 0 |a Odell, James J  |e author  |9 454120 
245 1 0 |a Métodos orientados a objetos: conceptos fundamentales 
300 |a 412 p 
942 |c BK 
945 |d 20010119 00:00:00  |a vberengu 
260 |a Ciudad de México  |b Prentice Hall Hispanoamericana  |c 1997 
650 0 |a Análisis de sistemas   |9 260059 
650 0 |a Lenguajes de programación   |9 259458 
650 0 |a Programación orientada al objeto  |9 387863 
650 0 |a Software  |9 387312 
583 |a last modification  |c 20010119 00:00:00  |k Rodrigo Vera 
999 |c 293436  |d 293434 
952 |0 0  |1 0  |4 0  |6 005_100000000000000_MAR_1997  |7 0  |8 A  |9 344970  |a BIBING  |b BIBING  |d 2019-11-20  |i 3665003  |o 005.1 MAR 1997  |p 3665003  |r 2024-01-25  |w 2019-11-20  |y BK  |k CCI 
952 |0 0  |1 0  |4 0  |6 005_100000000000000_MAR_1997  |7 0  |8 A  |9 344971  |a BIBING  |b BIBING  |d 2019-11-20  |i 3665011  |o 005.1 MAR 1997  |p 3665011  |r 2024-01-25  |w 2019-11-20  |y BK  |k CCI